Nothing to fear (Record no. 132654)

MARC details
000 -LEADER
campo de control de longitud fija 00716nam a2200193 4500
001 - NÚMERO DE CONTROL
campo de control 132654
003 - IDENTIFICADOR DE NÚMERO DE CONTROL
campo de control ES-MaACL
005 - FECHA Y HORA DE LA ÚLTIMA TRANSACCIÓN
campo de control 20230906194224.0
007 - CAMPO FIJO DE DESCRIPCIÓN FÍSICA--INFORMACIÓN GENERAL
campo de control de longitud fija t|
008 - DATOS DE LONGITUD FIJA--INFORMACIÓN GENERAL
campo de control de longitud fija 070214s1961 xxu r ||||1| eng d
100 1# - ENTRADA PRINCIPAL--NOMBRE DE PERSONA
Nombre de persona Roosevelt, Franklin D.
9 (RLIN) 99530
245 10 - MENCIÓN DEL TÍTULO
Título Nothing to fear
Resto del título : the selected addresses of Franklin D. Roosevelt : 1932-1945 /
Mención de responsabilidad, etc. edited, with historical notes and preface, by Ben D. Zevin ; introduction by Allan Nevins ; foreword by Harry L. Hopkins.
260 ## - PUBLICACIÓN, DISTRIBUCIÓN, ETC.
Lugar de publicación, distribución, etc. New York :
Nombre del editor, distribuidor, etc. Popular Library,
Fecha de publicación, distribución, etc. 1961.
300 ## - DESCRIPCIÓN FÍSICA
Extensión XVI, 476 p. ;
Dimensiones 18 cm.
700 1# - ENTRADA AGREGADA--NOMBRE PERSONAL
Nombre de persona Zevin, Ben D.
9 (RLIN) 118220
700 1# - ENTRADA AGREGADA--NOMBRE PERSONAL
Nombre de persona Nevins, Allan.
9 (RLIN) 85474
700 1# - ENTRADA AGREGADA--NOMBRE PERSONAL
Nombre de persona Hopkins, Harry L.
9 (RLIN) 64169
852 ## - LOCALIZACIÓN
Ubicación ES-MaACL
Número de control de estantería C-34860
Sublocalización o colección R.66072
Holdings
Estatus retirado Estado de pérdida Estado de daño No para préstamo Biblioteca de origen Biblioteca actual Ubicación en estantería Fecha de adquisición Fuente de adquisición Total de préstamos Signatura topográfica completa Código de barras Visto por última vez Precio de reemplazo Tipo de ítem Koha
        Biblioteca del Ateneo de Madrid Biblioteca del Ateneo de Madrid Depósito 2 17/01/2008     C-34860 1138105 23/02/2023 23/02/2023 Libro impreso